000 02528nam0a2200469 4500
001 RU\NLR\bibl\1094973
005 20260406061259.0
010 _d52 р.
_9150
021 _aRU
_b2007-19292
_91029
035 _a(nilc)EL/0000098993
035 _aRSL-KNO-003087981
035 _a(NLR Aleph) 001082090
090 _a1064967
_c1064967
100 _a20061221d2006 |||y0rusy50 ca
101 0 _arus
_asah
102 _aRU
105 _ay z |||||
200 1 _aЯзык как основной элемент культуры: генезис, традиции и современные проблемы
_e(материалы Республиканской научно-практической конференции, 26 ноября 2004 г.)
_f[отв. ред. Б. Н. Попов, д. филос. н., проф.
_gредкол.: В. В. Илларионов, д. филол. н., проф., А. А. Борисова, к. филос. н., доц., Г. С. Попова, к. п. н., доц.]
210 _aЯкутск
_cИзд-во ЯГУ
_d2006
215 _a192 с.
_d21
300 _aВ надзаг.: Федер. агентство по образованию, Госком. по язык. политике РС(Я), Обществ. орг. "Иэй тыл", ГОУ ВПО "Якут. гос. ун-т им. М. К. Аммосова"
300 _aНа рус., якут. яз.
320 _aБиблиогр. в конце ст.
606 1 _aЯзык и культура
_jСъезды, совещания и т.п.
_9990965
_3RU\NLR\auth\6656388
606 1 _aЯкутский язык
_jСъезды, совещания и т.п.
_91075219
_3RU\NLR\auth\66419324
606 1 _aЯзыковая политика
_jСъезды, совещания и т.п.
_xСаха (Якутия), Республика
_92328743
_3RU\NLR\auth\661392714
675 _a81'272(571.56)(063)
_v4
_zrus
686 _aШ100.122я431(2)
_2rubbk
686 _aШ163.41я431(2)
_2rubbk
686 _aШ100.33я431
686 _aШ163.41я431
686 _aШ121(251)я431
702 1 _4340
_7ca
_8rus
_aПопов
_bБ. Н.
_cд-р филос. наук, культурология
_f1938-2010
_gБорис Николаевич
_9121263
_3RU\NLR\AUTH\7711520
801 0 _aRU
_bNLR
_c20061221
_grcr
801 1 _aRU
_bNLR
_c20061221
801 1 _aRU
_bРГБ
_c20061221
801 2 _aRU
_bNLR
_c20070605
_grcr
942 _cBOOK
980 _aNB